000 00552nam a22001937a 4500
005 20251108170834.0
008 250721s1998 xx 000 0 ara d
082 1 4 _a371.14/عاب
100 1 _aعابد، رسمي علي
245 1 0 _aالنشاطات التربوية المدرسية /
264 1 _aعمان :
_bدار مجدلاوي،
_c1998.
300 _a264ص
650 1 7 _aالنشاط الصفي
650 1 7 _aالمناهج
650 1 7 _aالتربية
650 1 7 _aوسائل التدريس
942 _2ddc
_cBK
999 _c50203
_d50203